| 000 | 00550cam a2200229 4500 | ||
|---|---|---|---|
| 001 | B1683 | ||
| 008 | 090401t1986 xxu||||| |||| 00| 0 eng d | ||
| 035 | _a(Sirsi) u45742 | ||
| 041 | _aeng | ||
| 050 | _a333.3370941835 | ||
| 110 |
_aOsborne King and Megran _92377 |
||
| 245 | _aOffice survey 86 | ||
| 260 |
_aDublin _bOsborne King and Megran _c1986 |
||
| 300 | _a23p. : ill.,maps ; 21 x 30cm. | ||
| 350 | _a0 | ||
| 650 | _aDUBLIN | ||
| 650 | _aEIRE | ||
| 650 | _aOFFICES | ||
| 650 | _aPROPERTY MARKET | ||
| 942 | _n0 | ||
| 948 | _c04/03/1997 | ||
| 999 |
_c91819 _d91819 |
||